|
|
|
|
| LEADER |
00000cam a2200000 a 4500 |
| 001 |
vtls010565333 |
| 003 |
SK-MaSNL |
| 005 |
20260426010221.0 |
| 008 |
210928s1972 xo fr2 000 0 slo |
| 015 |
|
|
|a SNBA1972
|
| 020 |
|
|
|q (brožované)
|
| 040 |
|
|
|a SNK
|b slo
|c SNK
|e AACR2
|
| 041 |
0 |
|
|a slo
|b ger
|
| 044 |
|
|
|a xo
|c SK
|
| 072 |
|
7 |
|a 821.162.4.09
|x Slovenská literatúra (o nej)
|2 konspekt
|
| 080 |
|
|
|a 821.162.4
|2 2011
|
| 080 |
|
|
|a 316.72/.75
|2 2011
|
| 080 |
|
|
|a (437.6)
|2 2011
|
| 080 |
|
|
|a (438)
|2 2011
|
| 080 |
|
|
|a (04)
|2 2011
|
| 080 |
|
|
|a (048.8)
|2 2011
|
| 080 |
|
|
|a 82(091)
|2 2011
|
| 100 |
1 |
|
|a Bakoš, Mikuláš,
|d 1914-1972
|4 aut
|9 105579
|
| 245 |
1 |
0 |
|a Vzťahy dvoch literatúr a nadnárodný kontext
|c Mikuláš Bakoš
|
| 246 |
1 |
4 |
|a Vzťahy slovenskej a poľskej literatúry
|
| 250 |
|
|
|a [1. vyd.]
|
| 260 |
|
|
|a Bratislava
|b Vydavateľstvo Slovenskej akadémie vied
|c [1972]
|
| 300 |
|
|
|a Strana 11-15
|c 23 cm
|
| 500 |
|
|
|a Separát
|
| 546 |
|
|
|a Nemecké resumé
|
| 650 |
0 |
7 |
|a slovenská literatúra
|2 SNKPH
|9 1115
|
| 650 |
0 |
7 |
|a literárne vzťahy
|2 SNKPH
|9 293200
|
| 650 |
0 |
7 |
|a kultúrne vzťahy
|2 SNKPH
|9 3851
|
| 650 |
0 |
7 |
|a literárna história
|2 SNKPH
|9 1136
|
| 651 |
|
7 |
|a Poľsko
|2 SNKPHgeo
|9 16755
|
| 651 |
|
7 |
|a Slovensko
|2 SNKPHgeo
|9 14231
|
| 655 |
|
7 |
|a separáty
|2 SNKPH
|9 70334
|
| 655 |
|
7 |
|a štúdie
|2 SNKPH
|9 57033
|
| 954 |
|
|
|a odborná, vedecká literatúra pôvodná (slovenská)
|2 lita
|
| 958 |
|
|
|a OND
|
| 999 |
|
|
|c 1028564
|d 1030494
|
| 952 |
|
|
|a SNK
|b SNK
|y PREZ
|7 0
|p 17A1084712
|o snkSC 157348
|i snk2013/30530
|8 1
|0 0
|1 0
|4 0
|d 2013-12-13
|f 1
|l 0
|r 2025-08-19 00:00:00
|w 2026-02-24
|
| 952 |
|
|
|a SNK
|b SNK
|y VYP
|7 0
|p 17A1084711
|o snkSC 157348 D1
|i snk2013/30533
|8 1
|0 0
|1 0
|4 0
|d 2013-12-13
|l 0
|r 2026-02-24 13:46:26
|w 2026-02-24
|